000 00446nam a22001817a 4500
003 MPLRDC
005 20220104114004.0
008 210129b ||||| |||| 00| 0 eng d
082 _a830.8 XDSX v.31
100 _a陈汉平
245 _a谁怕电脑?
_c
250 _a一版一刷
260 _a
_b希代书版有限公司
_c1988
300 _b
490 _a希代书系. 31
650 _a中国文学总集
942 _cBK
_o830.8 XDSX v.31
999 _c3938
_d3928